Montagebau in Hamburg : Erfahrungen und Berichte /

Guardado en:
Detalles Bibliográficos
Otros autores: Meister, Cäsar (dirección) (dirección)
Formato: Libro
Idioma:Alemán
Publicado: Hamburgo, Alemania : Bauzentrum, 1967
Etiquetas: Agrega una etiqueta
Sin etiquetas, Sé el primero en etiquetar este registro!

MARC

LEADER 00000nam^a2200000^a^4500
001 000554937
005 20250526000000.0
009 20260310131709.097
037 |a Acervo ITESO - Biblioteca 
041 |a ALE 
091 |a FHA. 00773 
245 0 0 |a Montagebau in Hamburg :  |b Erfahrungen und Berichte / 
264 1 |a Hamburgo, Alemania :  |b Bauzentrum,  |c 1967 
300 |a 44 p. ;  |c 29.5 cm. 
336 |a texto  |b txt  |2 rdacontenido 
337 |a sin mediación  |b n  |2 rdamedio 
338 |a volumen  |b nc  |2 rdasoporte 
515 |a Inventario familia Hartung: 1005, 1006 
649 |a XX 
700 |a Meister, Cäsar  |e (dirección) 
910 |a Fondo Horst Hartung Franz 
920 |a Impresos - Libros 
930 |a Libros Antiguos y Raros 
905 |a 135 
901 |a 0500332609  |b IT2  |c LRA  |i D  |u 20250526 
901 |a 0500332606  |b IT2  |c LRA  |i D  |u 20250526 
902 |a https://opac.biblio.iteso.mx/vufind/Record/000554937